000 00461nam a2200145 i 4500
001 79428
003 ES-MaACL
007 t|
008 041021s1909 mx ||||1| spa d
100 1 _aHernández, Fortunato.
_962812
245 1 3 _aUn pueblo, un siglo y un hombre (1810-1910)
_b: ensayo histórico /
_cpor Fortunato Hernández.
260 _aMéxico :
_b[s.n.,
_c1909] (
_fIgnacio Escalante)
300 _a415 p., 24 lám. ;
_c31 cm.
852 _aES-MaACL
_jB-4894
999 _c79428
_d79428